| 000 -CABECERA |
| Longitud fija campo de control |
00794nam a22002297a 4500 |
| 003 - IDENTIFICADOR DEL NÚMERO DE CONTROL |
| Identificador del número de control |
OSt |
| 005 - FECHA Y HORA DE LA ÚLTIMA TRANSACCIÓN |
| Fecha y hora de la última transacción |
20130530170352.0 |
| 008 - CÓDIGOS DE INFORMACIÓN DE LONGITUD FIJA |
| Códigos de información de longitud fija |
130530s2013 sp ||||| |||| 00| 0 spa d |
| 020 ## - NÚMERO INTERNACIONAL NORMALIZADO PARA LIBROS |
| Número Internacional Normalizado para Libros (ISBN) |
9788484094135 (U. Lleida) |
| 020 ## - NÚMERO INTERNACIONAL NORMALIZADO PARA LIBROS |
| Número Internacional Normalizado para Libros (ISBN) |
9788498879193 (U. Santiago de Compostela) |
| 040 ## - FUENTE DE LA CATALOGACIÓN |
| Centro transcriptor |
CDMR |
| 245 03 - MENCIÓN DE TÍTULO |
| Título |
El conflicto de Iraq y el Derecho Internacional |
| Resto del título |
: el caso Couso |
| Mención de responsabilidad, etc. |
Albert Galinsoga Jordà (ed.) |
| 260 ## - PUBLICACIÓN, DISTRIBUCIÓN, ETC. (PIE DE IMPRENTA) |
| Lugar de publicación, distribución, etc. |
Lleida |
| Nombre del editor, distribuidor, etc. |
Universitat de Lleida |
| 260 ## - PUBLICACIÓN, DISTRIBUCIÓN, ETC. (PIE DE IMPRENTA) |
| Lugar de publicación, distribución, etc. |
Santiago de Compostela |
| Nombre del editor, distribuidor, etc. |
Universidade de Santiago de Compostela |
| Fecha de publicación, distribución, etc. |
Dl 2013 |
| 300 ## - DESCRIPCIÓN FÍSICA |
| Extensión |
705 p. |
| 490 0# - MENCIÓN DE SERIE |
| Mención de serie |
Sud-nord (Universitat de Lleida) |
| Designación de volumen o secuencia |
19 |
| 600 1# - PUNTO DE ACCESO ADICIONAL DE MATERIA - NOMBRE DE PERSONA |
| 9 (RLIN) |
2874 |
| Nombre de persona |
Couso, José |
| 650 04 - PUNTO DE ACCESO ADICIONAL DE MATERIA - TÉRMINO DE MATERIA |
| 9 (RLIN) |
3582 |
| Término de materia o nombre geográfico como elemento inicial |
Guerra d'Iraq, 2003-2011 |
| 650 04 - PUNTO DE ACCESO ADICIONAL DE MATERIA - TÉRMINO DE MATERIA |
| 9 (RLIN) |
3588 |
| Término de materia o nombre geográfico como elemento inicial |
Dret internacional |
| 700 1# - PUNTO DE ACCESO ADICIONAL - NOMBRE DE PERSONA |
| 9 (RLIN) |
3580 |
| Nombre de persona |
Galinsoga Jordà, Albert |
| Término indicativo de función |
ed. |
| 942 ## - ENTRADA DE ELEMENTOS AGREGADOS (KOHA) |
| Fuente de clasificaión o esquema |
|
| Koha [por defecto] tipo de item |
Monografies |